Responses for Show #3773 - Wednesday, January 17, 2001

Contestants

[<< previous game]

Peter Brown, a musician and actor from Brooklyn, New York

Heather Young, a biostatistician from Arlington, Virginia

Vaughan Williams, a lieutenant in the United States Navy from Arlington, Virginia (whose 1-day cash winnings total $6,500)

[next game >>]

Jeopardy! Round responses

"A" IN GEOGRAPHY
COMICS' BOOKS
IT'S IMAGINARY
20th CENTURY STUFF
(Alex: We'll list the elements of a game, you name the game in...)
GAMES PEOPLE PLAY
IF THEY MARRIED...
(Alex: What would we have?)
    $100 1
Amman

Heather
    $100 22
Jay Leno

Peter
    $100 21
the boogieman

Triple Stumper
    $100 11
(Vaughan: What is wireless?)
[Initially ruled incorrect; reversed during the first break]
(Peter: What is radio wave?)
...
(Alex: Our judges have reversed. Our clue was phrased a little loosely, and we are accepting "wireless" for wireless telegraphy, because that's the form in which that message was sent, Vaughan, so you're picking up $200 and Peter, your response "didn't occur", so we're giving you back your $100.)

Morse code

Vaughan
    $100 6
Monopoly

Heather
    $100 16
Ella Vader

Heather
    $200 2
Argentina

Peter
    $200 26
Bill Cosby

Peter
    $200 23
(Heather: What is Armageddon?)
(Vaughan: What is the outbreak of world war?)
...
(Alex: Less than a minute to go.)

World War III

VaughanHeatherPeter
    $200 12
Dag Hammarskjold

Peter
    $200 7
Twister

Vaughan
    $200 17
Coco Pop

Peter
    $300 3
Algeria

Vaughan
    $300 28
Damon Wayans

Vaughan
    $300 24
"The Impossible Dream"

Heather
    $600 13
(Peter: What is a Thunderbird?)

the Continental

Peter
    $300 8
Clue

Vaughan
    $300 18
Tuesday Knight

Peter
    $400 4
Athens

Peter
    $400 29
George Carlin

Peter
    $400 25
a troll

Vaughan
    $400 14
Sir Alexander Fleming

Triple Stumper
    $400 9
Scrabble

Vaughan
    $400 19
Heidi Ho

Vaughan
    $500 5
Aberdeen

Peter
    $500 30
Richard Belzer

Peter
    $500 27
(Peter: [No response])

perfect

Peter
Triple Stumper
    $500 15
the Panama Canal

Vaughan
    $500 10
Operation

Vaughan
    $500 20
Kitty Katz

Triple Stumper

Scores at the first commercial break (after clue 13):

Vaughan Heather Peter
$1,800 $200 $700

Scores at the end of the Jeopardy! Round:

Vaughan Heather Peter
$3,200 $400 $2,100

Double Jeopardy! Round responses

PHILOSOPHY
THE WINE CELLAR
PLAY TIME
ALL "FOUR" YOU
WALTER MATTHAU
(Alex: A whole category devoted to the late, great actor.)
GRUMPY OLD MEN
(Alex: Tribute to him also, perhaps!)
    $200 17
the means

Peter
    $200 5
Australia

Peter
    $200 1
(Peter: What is The Music Man?)

Guys and Dolls

Peter
Triple Stumper
    $200 10
"The Fab Four"

Peter
    $200 25
The Bad News Bears

Vaughan
    $200 15
W.C. Fields

Peter
    $700 18
Hegel

Peter
    $400 6
Chianti

Vaughan
    $400 2
Beauty and the Beast

Vaughan
    $400 11
a four-bagger

Vaughan
    $400 26
Oscar Madison

Peter
    $400 16
(Peter: Who was Ford?)

Alfred Hitchcock

Peter
Triple Stumper
    $600 19
Justice

Triple Stumper
    $600 7
oaky

Peter
    $600 3
Death of a Salesman

Peter
    $600 12
(Vaughan: What is a four post?)
(Alex: [Grimacing at the judges] We'll accept that.)

a four-poster

Vaughan
    $600 28
[The end-of-round signal sounds.]

Dennis the Menace

Vaughan
    $400 22
(Alex: Less than a minute to go.)

Jesse Helms

Peter
    $800 20
relativism

Peter
    $800 8
(Peter: What is Dom Perignon?)

Mumm

Peter
Triple Stumper
    $800 4
Moss Hart

Triple Stumper
    $800 13
the Four Horsemen of the Apocalypse

Vaughan
    $800 23
(Peter: Who is John Quincy Adams?)

John Adams

VaughanPeter
    $1000 21
libertarianism

Peter
    $1000 9
Beaujolais

Peter
    $1000 27
Wit

Triple Stumper
    $1000 14
(Heather: What are the Four Paths?)

the Four Noble Truths

Heather
Triple Stumper
    $1000 24
Jean-Paul Sartre

Triple Stumper

Scores at the end of the Double Jeopardy! Round:

Vaughan Heather Peter
$7,400 -$600 $6,200

[wagering suggestions for these scores]

Final Jeopardy! Round responses

RELIGIOUS NAMES
(Alex: In honor of Pope John XXIII and Pope Paul VI, who made him a cardinal.)
PeterWho is Clement
$6,000
VaughanWho is John Paul
$7,000
Pope John Paul I

Final scores:

Vaughan Heather Peter
$14,400 -$600 $200
2-day champion: $20,900 3rd place: Natural Wonders gift certificate 2nd place: a trip to Smuggler's Notch, Vermont

Game dynamics:

Coryat scores:

Vaughan Heather Peter
$7,400 -$600 $6,700
18 R,
1 W
4 R,
2 W
23 R
(including 2 DDs),
6 W
(including 1 DD)

Combined Coryat: $13,500

[game clues] [game scores] [suggest correction]

Game tape date: 2000-11-07
The J! Archive is created by fans, for fans. Scraping, republication, monetization, and malicious use prohibited; this site may use cookies and collect identifying information. See terms. The Jeopardy! game show and all elements thereof, including but not limited to copyright and trademark thereto, are the property of Jeopardy Productions, Inc. and are protected under law. This website is not affiliated with, sponsored by, or operated by Jeopardy Productions, Inc. Join the discussion at JBoard.tv.